000 01302namaa22003131i 4500
005 20260427125819.0
008 260427s1995 ua a|||frm||| 000 0 eng d
040 _aEG-GICUC
_beng
_cEG-GICUC
_dEG-GICUC
_erda
041 0 _aeng
_beng
_bara
049 _aDeposit
097 _aM.Sc
099 _aCai01.07.13..M.Sc.1995.Eb.E
100 0 _aIbrahim El Shenawy Ghonam,
_epreparation.
245 1 0 _aEffect of. Chemical defoliants on growth flowering and fruiting of some annona cultivars /
_cBy Ibrahim El Shenawy Ghonam ; Supervised Dr. Mohamed M. Fouad, Dr. Samira M. Mohamed
246 1 5 _aمسقطات الاوراق علي النمو والتزهير والاثمار في بعض اصناف القشطة
264 0 _c1995.
300 _a178 Leaves
_billustrations
_c30 cm. +
336 _2rda content
_atext
337 _2rdamedia
_aUnmediated
338 _2rdacarrier
_avolume
502 _aThesis (M.Sc.)-Cairo University, 1995
504 _aBibliography: pages 162-178
653 0 _aEffect of. Chemical defoliants
700 0 _aMohamed M. Fouad
_ethesis advisor.
700 0 _aSamira M. Mohamed
_ethesis advisor.
900 _DDepartment of Pomology
_FFaculty of Agriculture
_UCairo University
_b1995
_cMohamed M. Fouad
_cSamira M. Mohamed
905 _aNehad
942 _2ddc
_cTH
_e21
_n0
999 _c179766